Crimen y violencia en América Latina.

Guardado en:
Detalles Bibliográficos
Autor principal: Fajnzylber, Pablo ed, (autor)
Otros autores: Lederman, Daniel, ed (autor) ed, (autor), Loayza, Norman, ed (autor) ed, (autor)
Formato: Libro
Idioma:Español
Temas:
Etiquetas: Agrega una etiqueta
Sin etiquetas, Sé el primero en etiquetar este registro!

MARC

LEADER 00000cam^a2200000uu^4500
001 000493107
005 20250521000000.0
008 032105s2001^^^^^^^^^^^^rd^r^^000^0^spa^d
009 20260310125455.16
022 |a 9586822354 
035 |a FCE 000036480 
035 |a FCE 036525 
037 |a Acervo ITESO - Biblioteca 
041 |a spa 
082 0 4 |a 303.6  |b FAJc 
100 |a Fajnzylber, Pablo,  |e ed  |e (autor) 
245 1 0 |a Crimen y violencia en América Latina. 
264 |a México ; Argentina ; Washington :  |b Banco Mundial : Alfaomega,  |c 2001. 
300 |a 252 p. :  |b il. 
336 |a texto  |b txt  |2 rdacontenido 
337 |a sin mediación  |b n  |2 rdamedio 
338 |a volumen  |b nc  |2 rdasoporte 
649 |a XX 
650 |a Violencia 
650 |a Políticas públicas 
650 |a América Latina 
700 |a Lederman, Daniel,  |e ed  |e (autor) 
700 |a Loayza, Norman,  |e ed  |e (autor) 
910 |a Fondo Centro de Estudios Educativos 
920 |a Impresos - Libros 
930 |a Fondos Especiales 
905 |a 133 
901 |a ALE036525  |b IT2  |c CEE  |u 20250521 
902 |a https://opac.biblio.iteso.mx/vufind/Record/000493107